000 01002cam a2200253 4500
001 ##L130149
002 ##8994
008 050628n2005 000 0 eng u
020 _a1900648423
035 _a(Sirsi) u130149
041 0 _aeng
050 0 4 _a692.8 $2 18
110 2 _aBritish Property Federation
_91604
245 0 0 _aBPF Consultancy Agreement
260 _aLondon
_bBritish Property Federation
_c2005
300 _aiv, 66p.
_c30cm
350 _a29.38
520 _aProvides a document where the same terms and conditions can apply to each consultant on a traditional or design and build project, with optional clauses to deal with different roles. The style reflects JCT forms of contract and the agreement contains the form of novation agreement missing from JCT Major Project Form 2003.
650 2 4 _aBPF CONSULTANCY AGREEMENT
651 4 _aEngland and Wales
_y1543-
690 _aBUILT ENVIRONMENT-BUILDING CONTRACT FORMS
710 2 _aWorkplace Law Group
_94840
942 _n0
999 _c104369
_d104369